[Event "DEM U12w 2024"]
[Site "Willingen GER"]
[Date "2024.05.20"]
[Round "3"]
[White "Hladeniuk, Yelyzaveta"]
[Black "Luible, Antonia"]
[Result "0-1"]
[Termination "normal"]
[Board "11"]
[WhiteElo "1646"]
[BlackElo "1347"]
[WhiteClock "00:44:22"]
[BlackClock "00:35:48"]
[PlyCount "102"]
[WhiteFideId "34176128"]
[BlackFideId "34681710"]
[EventCountry "GER"]
[EventRounds "9"]
[EventType "swiss"]
[EventDate "2024.05.18"]

1. d4 {[%clk 01:30:57]} {[%emt 00:00:01]} d5 {[%clk 01:30:50]} {[%emt
00:00:10]} 2. c4 {[%clk 01:31:21]} {[%emt 00:00:06]} e6 {[%clk 01:31:12]}
{[%emt 00:00:09]} 3. Nc3 {[%clk 01:31:42]} {[%emt 00:00:07]} Nf6 {[%clk
01:31:29]} {[%emt 00:00:14]} 4. cxd5 {[%clk 01:31:39]} {[%emt 00:00:33]} Nxd5
{[%clk 01:31:49]} {[%emt 00:00:10]} 5. e4 {[%clk 01:32:01]} {[%emt 00:00:07]}
Nxc3 {[%clk 01:32:10]} {[%emt 00:00:09]} 6. bxc3 {[%clk 01:32:22]} {[%emt
00:00:10]} c5 {[%clk 01:32:30]} {[%emt 00:00:10]} 7. Be3 {[%clk 01:32:10]}
{[%emt 00:00:40]} cxd4 {[%clk 01:32:49]} {[%emt 00:00:13]} 8. Bb5+ {[%clk
01:28:04]} {[%emt 00:04:35]} Nd7 {[%clk 01:25:26]} {[%emt 00:07:53]} 9. cxd4
{[%clk 01:26:44]} {[%emt 00:01:51]} Qa5+ {[%clk 01:25:08]} {[%emt 00:00:47]}
10. Qd2 {[%clk 01:26:52]} {[%emt 00:00:23]} Qxb5 {[%clk 01:25:25]} {[%emt
00:00:13]} 11. Qe2 {[%clk 01:26:19]} {[%emt 00:00:58]} Qxe2+ {[%clk 01:24:41]}
{[%emt 00:01:19]} 12. Nxe2 {[%clk 01:26:39]} {[%emt 00:00:09]} Bb4+ {[%clk
01:24:29]} {[%emt 00:00:40]} 13. Kf1 {[%clk 01:25:49]} {[%emt 00:01:22]} Nf6
{[%clk 01:23:23]} {[%emt 00:01:36]} 14. f3 {[%clk 01:25:00]} {[%emt 00:01:19]}
O-O {[%clk 01:21:38]} {[%emt 00:02:15]} 15. Kf2 {[%clk 01:24:41]} {[%emt
00:00:47]} Ba5 {[%clk 01:19:43]} {[%emt 00:02:27]} 16. g4 {[%clk 01:23:53]}
{[%emt 00:01:18]} h6 {[%clk 01:12:43]} {[%emt 00:07:29]} 17. h4 {[%clk
01:23:14]} {[%emt 00:01:09]} h5 {[%clk 01:10:33]} {[%emt 00:02:40]} 18. e5
{[%clk 01:23:01]} {[%emt 00:00:43]} Nd5 {[%clk 01:09:16]} {[%emt 00:01:46]} 19.
gxh5 {[%clk 01:22:17]} {[%emt 00:01:15]} Nxe3 {[%clk 01:07:36]} {[%emt
00:02:10]} 20. Kxe3 {[%clk 01:21:25]} {[%emt 00:01:22]} Bd7 {[%clk 00:59:31]}
{[%emt 00:08:35]} 21. Rag1 {[%clk 01:19:31]} {[%emt 00:02:18]} Kh7 {[%clk
00:53:24]} {[%emt 00:06:44]} 22. Rg4 {[%clk 01:15:10]} {[%emt 00:04:47]} Rac8
{[%clk 00:47:33]} {[%emt 00:06:26]} 23. Rhg1 {[%clk 01:13:27]} {[%emt
00:02:12]} Rg8 {[%clk 00:47:22]} {[%emt 00:00:41]} 24. f4 {[%clk 01:07:03]}
{[%emt 00:06:54]} Bb6 {[%clk 00:43:04]} {[%emt 00:04:49]} 25. R4g3 {[%clk
01:01:55]} {[%emt 00:05:32]} Bb5 {[%clk 00:42:14]} {[%emt 00:01:23]} 26. Rd1
{[%clk 00:58:27]} {[%emt 00:03:52]} Bxe2 {[%clk 00:42:02]} {[%emt 00:00:50]}
27. Kxe2 {[%clk 00:58:49]} {[%emt 00:00:08]} Rc2+ {[%clk 00:38:01]} {[%emt
00:04:30]} 28. Rd2 {[%clk 00:52:45]} {[%emt 00:06:35]} Rxd2+ {[%clk 00:38:10]}
{[%emt 00:00:22]} 29. Kxd2 {[%clk 00:53:09]} {[%emt 00:00:06]} Bxd4 {[%clk
00:38:00]} {[%emt 00:00:41]} 30. Rd3 {[%clk 00:50:24]} {[%emt 00:03:13]} Rd8
{[%clk 00:37:34]} {[%emt 00:00:56]} 31. Ke2 {[%clk 00:49:17]} {[%emt 00:01:37]}
Bb6 {[%clk 00:34:23]} {[%emt 00:03:41]} 32. Rc3 {[%clk 00:48:54]} {[%emt
00:00:50]} Kh6 {[%clk 00:34:10]} {[%emt 00:00:47]} 33. Rh3 {[%clk 00:48:38]}
{[%emt 00:00:43]} Kxh5 {[%clk 00:34:16]} {[%emt 00:00:25]} 34. Rg3 {[%clk
00:47:05]} {[%emt 00:02:00]} g6 {[%clk 00:33:55]} {[%emt 00:00:54]} 35. Rh3
{[%clk 00:43:28]} {[%emt 00:03:57]} Kg4 {[%clk 00:34:06]} {[%emt 00:00:28]} 36.
Rh1 {[%clk 00:43:33]} {[%emt 00:00:21]} Rd7 {[%clk 00:34:21]} {[%emt 00:00:21]}
37. Ke1 {[%clk 00:43:02]} {[%emt 00:00:59]} Kxf4 {[%clk 00:34:33]} {[%emt
00:00:19]} 38. Rf1+ {[%clk 00:43:04]} {[%emt 00:00:27]} Kxe5 {[%clk 00:34:54]}
{[%emt 00:00:10]} 39. Rh1 {[%clk 00:43:17]} {[%emt 00:00:16]} f5 {[%clk
00:35:02]} {[%emt 00:00:23]} 40. a4 {[%clk 00:43:28]} {[%emt 00:00:19]} f4
{[%clk 00:35:12]} {[%emt 00:00:20]} 41. h5 {[%clk 00:43:42]} {[%emt 00:00:16]}
gxh5 {[%clk 00:35:14]} {[%emt 00:00:28]} 42. Rxh5+ {[%clk 00:44:06]} {[%emt
00:00:06]} Ke4 {[%clk 00:35:32]} {[%emt 00:00:12]} 43. a5 {[%clk 00:44:22]}
{[%emt 00:00:14]} Be3 {[%clk 00:35:35]} {[%emt 00:00:19]} 44. a6 {[%clk
00:44:09]} {[%emt 00:00:52]} b6 {[%clk 00:35:53]} {[%emt 00:00:12]} 45. Kf1
{[%clk 00:43:50]} {[%emt 00:00:48]} Bc5 {[%clk 00:35:36]} {[%emt 00:00:48]} 46.
Ke2 {[%clk 00:43:45]} {[%emt 00:00:33]} f3+ {[%clk 00:35:47]} {[%emt 00:00:21]}
47. Ke1 {[%clk 00:43:54]} {[%emt 00:00:22]} Rd5 {[%clk 00:35:11]} {[%emt
00:01:06]} 48. Rh4+ {[%clk 00:44:00]} {[%emt 00:00:23]} Ke3 {[%clk 00:35:28]}
{[%emt 00:00:12]} 49. Rh2 {[%clk 00:43:47]} {[%emt 00:00:44]} Bb4+ {[%clk
00:35:46]} {[%emt 00:00:13]} 50. Rd2 {[%clk 00:44:04]} {[%emt 00:00:13]} Rxd2
{[%clk 00:35:59]} {[%emt 00:00:17]} 51. Kf1 {[%clk 00:44:22]} {[%emt 00:00:12]}
Rd1# {[%clk 00:35:48]} {[%emt 00:00:04]} 0-1

[Event "DEM U12w 2024"]
[Site "Willingen GER"]
[Date "2024.05.20"]
[Round "3"]
[White "Heidtkamp, Anna"]
[Black "Bayer, Klara"]
[Result "1-0"]
[Termination "normal"]
[Board "12"]
[WhiteElo "1622"]
[BlackElo "1261"]
[WhiteClock "00:09:12"]
[BlackClock "00:17:16"]
[PlyCount "115"]
[WhiteFideId "16269012"]
[BlackFideId "34658955"]
[EventCountry "GER"]
[EventRounds "9"]
[EventType "swiss"]
[EventDate "2024.05.18"]

1. d4 {[%clk 01:30:58]} {[%emt 00:00:01]} d5 {[%clk 01:30:49]} {[%emt
00:00:12]} 2. Nc3 {[%clk 01:31:23]} {[%emt 00:00:05]} Nf6 {[%clk 01:30:53]}
{[%emt 00:00:25]} 3. Bf4 {[%clk 01:31:49]} {[%emt 00:00:05]} c5 {[%clk
01:30:53]} {[%emt 00:00:31]} 4. e3 {[%clk 01:31:34]} {[%emt 00:00:45]} Nc6
{[%clk 01:30:42]} {[%emt 00:00:41]} 5. Nb5 {[%clk 01:31:38]} {[%emt 00:00:26]}
Qa5+ {[%clk 01:28:34]} {[%emt 00:02:38]} 6. c3 {[%clk 01:27:34]} {[%emt
00:04:34]} cxd4 {[%clk 01:21:18]} {[%emt 00:07:46]} 7. exd4 {[%clk 00:52:21]}
{[%emt 00:35:43]} Kd7 {[%clk 01:11:42]} {[%emt 00:10:05]} 8. Be2 {[%clk
00:47:21]} {[%emt 00:05:31]} a6 {[%clk 01:08:06]} {[%emt 00:04:06]} 9. Nc7
{[%clk 00:36:26]} {[%emt 00:11:25]} Ra7 {[%clk 01:06:32]} {[%emt 00:02:04]} 10.
Nf3 {[%clk 00:33:22]} {[%emt 00:03:33]} e6 {[%clk 01:03:01]} {[%emt 00:04:01]}
11. Ng5 {[%clk 00:26:25]} {[%emt 00:07:28]} Ke7 {[%clk 01:01:22]} {[%emt
00:02:09]} 12. b4 {[%clk 00:25:38]} {[%emt 00:01:17]} Qb6 {[%clk 01:00:28]}
{[%emt 00:01:23]} 13. a4 {[%clk 00:23:22]} {[%emt 00:02:47]} Nb8 {[%clk
00:55:01]} {[%emt 00:05:57]} 14. Ncxe6 {[%clk 00:21:38]} {[%emt 00:02:14]} Qc6
{[%clk 00:46:37]} {[%emt 00:08:54]} 15. O-O {[%clk 00:18:47]} {[%emt 00:03:21]}
fxe6 {[%clk 00:45:12]} {[%emt 00:01:54]} 16. Bxb8 {[%clk 00:18:26]} {[%emt
00:00:51]} Ra8 {[%clk 00:45:25]} {[%emt 00:00:18]} 17. Be5 {[%clk 00:17:26]}
{[%emt 00:01:30]} Bd7 {[%clk 00:44:07]} {[%emt 00:01:48]} 18. Qb3 {[%clk
00:17:24]} {[%emt 00:00:32]} Rc8 {[%clk 00:44:03]} {[%emt 00:00:34]} 19. Rfc1
{[%clk 00:15:46]} {[%emt 00:02:08]} h6 {[%clk 00:43:51]} {[%emt 00:00:41]} 20.
Nf3 {[%clk 00:15:54]} {[%emt 00:00:22]} Ne4 {[%clk 00:43:31]} {[%emt 00:00:51]}
21. Bd3 {[%clk 00:15:53]} {[%emt 00:00:32]} Nd6 {[%clk 00:42:41]} {[%emt
00:01:19]} 22. Bxd6+ {[%clk 00:15:42]} {[%emt 00:00:41]} Qxd6 {[%clk 00:42:31]}
{[%emt 00:00:40]} 23. Ne5 {[%clk 00:15:54]} {[%emt 00:00:18]} Be8 {[%clk
00:42:24]} {[%emt 00:00:37]} 24. Bg6 {[%clk 00:15:58]} {[%emt 00:00:27]} Qc7
{[%clk 00:41:19]} {[%emt 00:01:35]} 25. Ra2 {[%clk 00:15:02]} {[%emt 00:01:26]}
Kd8 {[%clk 00:40:47]} {[%emt 00:01:00]} 26. Re2 {[%clk 00:14:44]} {[%emt
00:00:49]} Bd6 {[%clk 00:40:10]} {[%emt 00:01:07]} 27. Bxe8 {[%clk 00:14:42]}
{[%emt 00:00:32]} Rxe8 {[%clk 00:40:16]} {[%emt 00:00:23]} 28. h3 {[%clk
00:14:58]} {[%emt 00:00:14]} Rf8 {[%clk 00:38:43]} {[%emt 00:02:03]} 29. Ng4
{[%clk 00:13:08]} {[%emt 00:02:21]} Re8 {[%clk 00:38:31]} {[%emt 00:00:42]} 30.
Qc2 {[%clk 00:13:05]} {[%emt 00:00:33]} Bf4 {[%clk 00:38:15]} {[%emt 00:00:45]}
31. Ne3 {[%clk 00:13:26]} {[%emt 00:00:09]} e5 {[%clk 00:33:37]} {[%emt
00:05:08]} 32. Nxd5 {[%clk 00:12:22]} {[%emt 00:01:34]} Qf7 {[%clk 00:30:38]}
{[%emt 00:03:30]} 33. Nxf4 {[%clk 00:12:21]} {[%emt 00:00:31]} Qxf4 {[%clk
00:29:41]} {[%emt 00:01:26]} 34. dxe5 {[%clk 00:12:19]} {[%emt 00:00:33]} Rxe5
{[%clk 00:29:32]} {[%emt 00:00:39]} 35. Rxe5 {[%clk 00:12:10]} {[%emt
00:00:39]} Qxe5 {[%clk 00:29:40]} {[%emt 00:00:23]} 36. Qd2+ {[%clk 00:12:01]}
{[%emt 00:00:39]} Kc7 {[%clk 00:29:37]} {[%emt 00:00:32]} 37. g3 {[%clk
00:11:28]} {[%emt 00:01:04]} Kb8 {[%clk 00:29:31]} {[%emt 00:00:36]} 38. Kg2
{[%clk 00:10:28]} {[%emt 00:01:30]} Qe6 {[%clk 00:29:11]} {[%emt 00:00:50]} 39.
Qd4 {[%clk 00:10:01]} {[%emt 00:00:57]} Qc6+ {[%clk 00:28:39]} {[%emt
00:01:02]} 40. Kg1 {[%clk 00:09:47]} {[%emt 00:00:45]} Qxa4 {[%clk 00:28:42]}
{[%emt 00:00:27]} 41. Qxg7 {[%clk 00:09:57]} {[%emt 00:00:19]} Rc6 {[%clk
00:26:25]} {[%emt 00:02:47]} 42. Re1 {[%clk 00:09:26]} {[%emt 00:01:00]} Qb5
{[%clk 00:25:05]} {[%emt 00:01:50]} 43. Re8+ {[%clk 00:07:57]} {[%emt
00:01:59]} Ka7 {[%clk 00:24:25]} {[%emt 00:01:10]} 44. Qd4+ {[%clk 00:07:20]}
{[%emt 00:01:07]} Rb6 {[%clk 00:21:47]} {[%emt 00:03:08]} 45. Re6 {[%clk
00:06:33]} {[%emt 00:01:16]} h5 {[%clk 00:20:15]} {[%emt 00:02:02]} 46. Qxb6+
{[%clk 00:05:28]} {[%emt 00:01:36]} Qxb6 {[%clk 00:20:28]} {[%emt 00:00:17]}
47. Rxb6 {[%clk 00:05:53]} {[%emt 00:00:05]} Kxb6 {[%clk 00:20:48]} {[%emt
00:00:09]} 48. Kf1 {[%clk 00:06:21]} {[%emt 00:00:03]} Kb5 {[%clk 00:20:53]}
{[%emt 00:00:26]} 49. Ke2 {[%clk 00:06:46]} {[%emt 00:00:04]} Kc4 {[%clk
00:20:58]} {[%emt 00:00:24]} 50. Kd2 {[%clk 00:07:12]} {[%emt 00:00:04]} b5
{[%clk 00:19:41]} {[%emt 00:01:47]} 51. f4 {[%clk 00:07:33]} {[%emt 00:00:09]}
Kd5 {[%clk 00:19:34]} {[%emt 00:00:37]} 52. Kd3 {[%clk 00:07:54]} {[%emt
00:00:09]} Ke6 {[%clk 00:19:29]} {[%emt 00:00:34]} 53. Ke4 {[%clk 00:08:19]}
{[%emt 00:00:06]} Kf6 {[%clk 00:18:28]} {[%emt 00:01:32]} 54. f5 {[%clk
00:08:38]} {[%emt 00:00:10]} Kf7 {[%clk 00:18:15]} {[%emt 00:00:42]} 55. Ke5
{[%clk 00:09:03]} {[%emt 00:00:05]} Ke7 {[%clk 00:18:02]} {[%emt 00:00:42]} 56.
f6+ {[%clk 00:09:27]} {[%emt 00:00:07]} Kf7 {[%clk 00:18:27]} {[%emt 00:00:05]}
57. Kf5 {[%clk 00:09:47]} {[%emt 00:00:10]} Kf8 {[%clk 00:17:16]} {[%emt
00:01:40]} 58. Kg6 {[%clk 00:09:12]} {[%emt 00:01:05]} 1-0

[Event "DEM U12w 2024"]
[Site "Willingen GER"]
[Date "2024.05.20"]
[Round "3"]
[White "Ratushna, Olha"]
[Black "Schmidt, Sophie"]
[Result "0-1"]
[Termination "normal"]
[Board "13"]
[WhiteElo "1602"]
[BlackElo "1257"]
[WhiteClock "01:11:27"]
[BlackClock "00:25:26"]
[PlyCount "100"]
[WhiteFideId "34172602"]
[BlackFideId "34682503"]
[EventCountry "GER"]
[EventRounds "9"]
[EventType "swiss"]
[EventDate "2024.05.18"]

1. e4 {[%clk 01:30:58]} e5 {[%clk 01:30:54]} {[%emt 00:00:07]} 2. Nf3 {[%clk
01:31:24]} {[%emt 00:00:04]} Nc6 {[%clk 01:31:12]} {[%emt 00:00:13]} 3. Nc3
{[%clk 01:31:46]} {[%emt 00:00:07]} Nf6 {[%clk 01:31:18]} {[%emt 00:00:24]} 4.
d4 {[%clk 01:32:11]} {[%emt 00:00:04]} exd4 {[%clk 01:30:46]} {[%emt 00:01:03]}
5. Nxd4 {[%clk 01:32:34]} {[%emt 00:00:07]} Bb4 {[%clk 01:30:25]} {[%emt
00:00:51]} 6. Nxc6 {[%clk 01:32:46]} {[%emt 00:00:18]} bxc6 {[%clk 01:30:30]}
{[%emt 00:00:26]} 7. Bd3 {[%clk 01:32:57]} {[%emt 00:00:19]} d5 {[%clk
01:29:53]} {[%emt 00:01:06]} 8. exd5 {[%clk 01:33:14]} {[%emt 00:00:14]} cxd5
{[%clk 01:29:59]} {[%emt 00:00:24]} 9. O-O {[%clk 01:33:30]} {[%emt 00:00:14]}
O-O {[%clk 01:28:53]} {[%emt 00:01:35]} 10. Qf3 {[%clk 01:32:29]} {[%emt
00:01:30]} h6 {[%clk 01:26:17]} {[%emt 00:03:07]} 11. Bf4 {[%clk 01:29:38]}
{[%emt 00:03:20]} Be6 {[%clk 01:23:12]} {[%emt 00:03:36]} 12. Rad1 {[%clk
01:28:15]} {[%emt 00:01:48]} Bg4 {[%clk 01:18:44]} {[%emt 00:05:02]} 13. Qg3
{[%clk 01:27:48]} {[%emt 00:00:52]} Bxd1 {[%clk 01:14:57]} {[%emt 00:04:24]}
14. Nxd1 {[%clk 01:25:09]} {[%emt 00:03:09]} Nh5 {[%clk 01:13:00]} {[%emt
00:02:27]} 15. Qg4 {[%clk 01:25:01]} {[%emt 00:00:27]} Nxf4 {[%clk 01:12:50]}
{[%emt 00:00:50]} 16. Qxf4 {[%clk 01:25:20]} {[%emt 00:00:11]} Bc5 {[%clk
01:10:25]} {[%emt 00:02:54]} 17. Qf5 {[%clk 01:23:49]} {[%emt 00:01:59]} g6
{[%clk 01:07:59]} {[%emt 00:03:00]} 18. Qg4 {[%clk 01:23:26]} {[%emt 00:00:45]}
Qg5 {[%clk 01:00:24]} {[%emt 00:08:12]} 19. Qd7 {[%clk 01:22:24]} {[%emt
00:01:28]} Bd6 {[%clk 00:53:22]} {[%emt 00:07:33]} 20. Ne3 {[%clk 01:21:25]}
{[%emt 00:01:29]} Rab8 {[%clk 00:45:21]} {[%emt 00:08:33]} 21. b3 {[%clk
01:18:20]} {[%emt 00:03:36]} Rfd8 {[%clk 00:35:47]} {[%emt 00:10:03]} 22. Qc6
{[%clk 01:17:45]} {[%emt 00:00:45]} Rb6 {[%clk 00:35:59]} {[%emt 00:00:34]} 23.
Qa4 {[%clk 01:16:58]} {[%emt 00:01:17]} Qf4 {[%clk 00:34:06]} {[%emt 00:02:27]}
24. Qxf4 {[%clk 01:16:36]} {[%emt 00:00:53]} Bxf4 {[%clk 00:34:13]} {[%emt
00:00:23]} 25. Re1 {[%clk 01:15:58]} {[%emt 00:01:07]} Re8 {[%clk 00:32:45]}
{[%emt 00:01:57]} 26. Kf1 {[%clk 01:14:58]} {[%emt 00:01:31]} Rbe6 {[%clk
00:32:05]} {[%emt 00:01:11]} 27. Re2 {[%clk 01:10:57]} {[%emt 00:04:30]} Bxe3
{[%clk 00:30:47]} {[%emt 00:01:49]} 28. fxe3 {[%clk 01:10:41]} {[%emt
00:00:46]} Rxe3 {[%clk 00:30:49]} {[%emt 00:00:28]} 29. Rxe3 {[%clk 01:10:58]}
{[%emt 00:00:14]} Rxe3 {[%clk 00:31:13]} {[%emt 00:00:05]} 30. Kf2 {[%clk
01:11:20]} {[%emt 00:00:07]} d4 {[%clk 00:31:09]} {[%emt 00:00:33]} 31. Be2
{[%clk 01:09:56]} {[%emt 00:01:56]} Kg7 {[%clk 00:29:31]} {[%emt 00:02:08]} 32.
Ke1 {[%clk 01:09:50]} {[%emt 00:00:36]} f5 {[%clk 00:28:23]} {[%emt 00:01:38]}
33. g3 {[%clk 01:09:56]} {[%emt 00:00:25]} g5 {[%clk 00:28:03]} {[%emt
00:00:50]} 34. Kd2 {[%clk 01:09:36]} {[%emt 00:00:49]} f4 {[%clk 00:27:22]}
{[%emt 00:01:10]} 35. gxf4 {[%clk 01:09:36]} {[%emt 00:00:31]} gxf4 {[%clk
00:27:42]} {[%emt 00:00:10]} 36. Bd3 {[%clk 01:09:49]} {[%emt 00:00:16]} Kf6
{[%clk 00:26:04]} {[%emt 00:02:10]} 37. h3 {[%clk 01:09:28]} {[%emt 00:00:50]}
Kg5 {[%clk 00:25:12]} {[%emt 00:01:20]} 38. Be2 {[%clk 01:09:29]} {[%emt
00:00:30]} Rxh3 {[%clk 00:24:59]} {[%emt 00:00:44]} 39. Ke1 {[%clk 01:09:52]}
{[%emt 00:00:06]} Rh2 {[%clk 00:24:34]} {[%emt 00:00:55]} 40. Kf1 {[%clk
01:09:58]} {[%emt 00:00:24]} Kh4 {[%clk 00:24:23]} {[%emt 00:00:42]} 41. Bf3
{[%clk 01:08:31]} {[%emt 00:01:56]} Kg3 {[%clk 00:24:01]} {[%emt 00:00:52]} 42.
Be2 {[%clk 01:08:42]} {[%emt 00:00:20]} f3 {[%clk 00:24:07]} {[%emt 00:00:24]}
43. Bxf3 {[%clk 01:08:47]} {[%emt 00:00:25]} Kxf3 {[%clk 00:24:28]} {[%emt
00:00:09]} 44. Ke1 {[%clk 01:09:10]} {[%emt 00:00:07]} Ke3 {[%clk 00:24:37]}
{[%emt 00:00:21]} 45. Kf1 {[%clk 01:09:30]} {[%emt 00:00:11]} Re2 {[%clk
00:24:44]} {[%emt 00:00:22]} 46. Kg1 {[%clk 01:09:48]} {[%emt 00:00:12]} Rxc2
{[%clk 00:23:57]} {[%emt 00:01:17]} 47. Kf1 {[%clk 01:10:10]} {[%emt 00:00:07]}
Rb2 {[%clk 00:24:16]} {[%emt 00:00:12]} 48. Kg1 {[%clk 01:10:35]} {[%emt
00:00:05]} Kf3 {[%clk 00:24:39]} {[%emt 00:00:07]} 49. Kh1 {[%clk 01:11:02]}
{[%emt 00:00:03]} Kg3 {[%clk 00:24:59]} {[%emt 00:00:10]} 50. Kg1 {[%clk
01:11:27]} {[%emt 00:00:05]} Rb1# {[%clk 00:25:26]} {[%emt 00:00:03]} 0-1

[Event "DEM U12w 2024"]
[Site "Willingen GER"]
[Date "2024.05.20"]
[Round "3"]
[White "Birkenheier, Larissa"]
[Black "Greither, Flora"]
[Result "0-1"]
[Termination "normal"]
[Board "14"]
[WhiteElo "1501"]
[BlackElo "1430"]
[WhiteClock "00:15:33"]
[BlackClock "00:53:13"]
[PlyCount "106"]
[WhiteFideId "34626379"]
[BlackFideId "533000697"]
[EventCountry "GER"]
[EventRounds "9"]
[EventType "swiss"]
[EventDate "2024.05.18"]

1. e4 {[%clk 01:30:56]} {[%emt 00:00:03]} c5 {[%clk 01:30:56]} {[%emt
00:00:05]} 2. Nf3 {[%clk 01:31:15]} {[%emt 00:00:11]} d6 {[%clk 01:31:13]}
{[%emt 00:00:13]} 3. d4 {[%clk 01:31:22]} {[%emt 00:00:23]} cxd4 {[%clk
01:31:36]} {[%emt 00:00:07]} 4. Nxd4 {[%clk 01:31:40]} {[%emt 00:00:12]} Nf6
{[%clk 01:31:57]} {[%emt 00:00:09]} 5. Nc3 {[%clk 01:31:16]} {[%emt 00:00:54]}
g6 {[%clk 01:31:14]} {[%emt 00:01:12]} 6. Be3 {[%clk 01:30:42]} {[%emt
00:01:04]} Bg7 {[%clk 01:31:24]} {[%emt 00:00:21]} 7. f3 {[%clk 01:29:57]}
{[%emt 00:01:14]} O-O {[%clk 01:31:35]} {[%emt 00:00:19]} 8. Nb3 {[%clk
01:28:28]} {[%emt 00:02:00]} Nc6 {[%clk 01:31:37]} {[%emt 00:00:28]} 9. Qd2
{[%clk 01:27:56]} {[%emt 00:01:01]} Be6 {[%clk 01:31:26]} {[%emt 00:00:42]} 10.
O-O-O {[%clk 01:26:53]} {[%emt 00:01:32]} Nd7 {[%clk 01:31:06]} {[%emt
00:00:51]} 11. Nd4 {[%clk 01:23:53]} {[%emt 00:03:29]} a5 {[%clk 01:26:13]}
{[%emt 00:05:24]} 12. g4 {[%clk 01:22:12]} {[%emt 00:02:09]} Nb4 {[%clk
01:26:22]} {[%emt 00:00:23]} 13. Kb1 {[%clk 01:17:59]} {[%emt 00:04:42]} a4
{[%clk 01:25:55]} {[%emt 00:00:58]} 14. a3 {[%clk 01:17:25]} {[%emt 00:01:03]}
Nc6 {[%clk 01:25:47]} {[%emt 00:00:38]} 15. h4 {[%clk 01:16:34]} {[%emt
00:01:20]} Nde5 {[%clk 01:25:21]} {[%emt 00:00:57]} 16. Be2 {[%clk 01:10:51]}
{[%emt 00:06:12]} Na5 {[%clk 01:22:58]} {[%emt 00:02:54]} 17. Qc1 {[%clk
00:58:42]} {[%emt 00:12:40]} Nec4 {[%clk 01:21:57]} {[%emt 00:01:30]} 18. Nxe6
{[%clk 00:55:20]} {[%emt 00:03:53]} fxe6 {[%clk 01:22:10]} {[%emt 00:00:17]}
19. Bf2 {[%clk 00:48:41]} {[%emt 00:07:08]} b5 {[%clk 01:21:23]} {[%emt
00:01:17]} 20. e5 {[%clk 00:43:42]} {[%emt 00:05:29]} Qb8 {[%clk 01:18:12]}
{[%emt 00:03:41]} 21. Na2 {[%clk 00:42:27]} {[%emt 00:01:45]} dxe5 {[%clk
01:17:12]} {[%emt 00:01:31]} 22. Nb4 {[%clk 00:41:37]} {[%emt 00:01:19]} e4
{[%clk 01:17:02]} {[%emt 00:00:40]} 23. Bd4 {[%clk 00:38:02]} {[%emt 00:04:04]}
e5 {[%clk 01:15:59]} {[%emt 00:01:34]} 24. Bc3 {[%clk 00:37:34]} {[%emt
00:00:56]} exf3 {[%clk 01:16:08]} {[%emt 00:00:23]} 25. Bf1 {[%clk 00:36:43]}
{[%emt 00:01:20]} Qb7 {[%clk 01:14:37]} {[%emt 00:02:02]} 26. Rh2 {[%clk
00:32:54]} {[%emt 00:04:18]} Qa7 {[%clk 01:13:48]} {[%emt 00:01:19]} 27. Bxc4+
{[%clk 00:25:57]} {[%emt 00:07:28]} Nxc4 {[%clk 01:13:36]} {[%emt 00:00:42]}
28. Be1 {[%clk 00:25:36]} {[%emt 00:00:49]} e4 {[%clk 01:13:00]} {[%emt
00:01:08]} 29. Nd5 {[%clk 00:22:43]} {[%emt 00:03:22]} Bxb2 {[%clk 01:11:57]}
{[%emt 00:01:33]} 30. Qg5 {[%clk 00:22:06]} {[%emt 00:01:07]} Bxa3 {[%clk
01:06:07]} {[%emt 00:06:22]} 31. Bf2 {[%clk 00:19:42]} {[%emt 00:02:52]} Qb8
{[%clk 01:03:26]} {[%emt 00:03:10]} 32. Rhh1 {[%clk 00:18:58]} {[%emt
00:01:12]} Qe5 {[%clk 01:00:49]} {[%emt 00:03:07]} 33. Qxe5 {[%clk 00:18:38]}
{[%emt 00:00:54]} Nxe5 {[%clk 01:01:04]} {[%emt 00:00:16]} 34. Ne3 {[%clk
00:17:54]} {[%emt 00:01:12]} Bc5 {[%clk 00:59:55]} {[%emt 00:01:38]} 35. Rde1
{[%clk 00:16:55]} {[%emt 00:01:30]} Nc4 {[%clk 00:58:50]} {[%emt 00:01:36]} 36.
Kc1 {[%clk 00:14:58]} {[%emt 00:02:26]} a3 {[%clk 00:58:39]} {[%emt 00:00:43]}
37. Nxc4 {[%clk 00:14:24]} {[%emt 00:01:04]} Bxf2 {[%clk 00:58:25]} {[%emt
00:00:43]} 38. Ref1 {[%clk 00:14:18]} {[%emt 00:00:36]} Bd4 {[%clk 00:57:38]}
{[%emt 00:01:18]} 39. Nxa3 {[%clk 00:14:07]} {[%emt 00:00:41]} Rxa3 {[%clk
00:57:55]} {[%emt 00:00:13]} 40. c3 {[%clk 00:14:07]} {[%emt 00:00:30]} Bxc3
{[%clk 00:56:15]} {[%emt 00:02:10]} 41. Kc2 {[%clk 00:14:16]} {[%emt 00:00:20]}
b4 {[%clk 00:55:59]} {[%emt 00:00:47]} 42. Rb1 {[%clk 00:13:51]} {[%emt
00:00:53]} e3 {[%clk 00:53:49]} {[%emt 00:02:42]} 43. Rhf1 {[%clk 00:13:38]}
{[%emt 00:00:42]} e2 {[%clk 00:53:05]} {[%emt 00:01:15]} 44. Rf2 {[%clk
00:13:54]} {[%emt 00:00:13]} e1=Q {[%emt 00:00:21]} 45. Rxe1 {[%clk 00:14:14]}
{[%emt 00:00:06]} Bxe1 {[%clk 00:53:40]} {[%emt 00:00:08]} 46. Rf1 {[%clk
00:14:22]} {[%emt 00:00:21]} f2 {[%clk 00:53:58]} {[%emt 00:00:13]} 47. Kb2
{[%clk 00:14:38]} {[%emt 00:00:14]} Rff3 {[%clk 00:53:42]} {[%emt 00:00:47]}
48. h5 {[%clk 00:14:47]} {[%emt 00:00:20]} Rg3 {[%clk 00:53:58]} {[%emt
00:00:13]} 49. h6 {[%clk 00:15:02]} {[%emt 00:00:16]} Rg1 {[%clk 00:54:15]}
{[%emt 00:00:12]} 50. Rxg1 {[%clk 00:14:52]} {[%emt 00:00:41]} fxg1=Q {[%emt
00:00:10]} 51. g5 {[%emt 00:00:03]} Qd4+ {[%clk 00:53:02]} {[%emt 00:01:30]}
52. Kb1 {[%clk 00:15:08]} {[%emt 00:00:14]} Qa1+ {[%clk 00:53:13]} {[%emt
00:00:19]} 53. Kc2 {[%clk 00:15:33]} {[%emt 00:00:06]} Rc3# {[%emt 00:00:06]}
0-1